000
00316nam a2200109Ia 4500
008
200302s9999 xx 000 0 und d
100
_a
Bryn Greern and Willem Vos
245
_a
Threatened Landscapes Conserving Cultural Environments
260
_b
Spon Press Taylor & Francis Group
260
_c
2001
300
_a
169 P.,
999
_c
5502
_d
5502